Medale Polaków na Zimowych Igrzyskach Olimpijskich - Statystyki

Ogólne statystyki
  • Ten quiz został rozwiązany 113 razy
  • Średni wynik to 4 z 5
Statystyki odpowiedzi
Liczba medali Dyscyplina % Poprawnych
10 Skoki narciarskie
100%
5 Biegi narciarskie
88%
6 Łyżwiarstwo szybkie
83%
1 Biathlon
77%
1 Kombinacja norweska
44%
Nie znaleziono quizów pasujących do podanych kryteriów
Rozkład punktacji
Procent ludzi z każdym wynikiem
Percentyl według liczby udzielonych odpowiedzi
Twoja historia wyników
Nie rozwiązałeś tego quizu